Govt. of
Madhya Pradesh

Normal view MARC view

Entry Personal Name

Number of records used in: 1

001 - CONTROL NUMBER

  • control field: 79254

003 - CONTROL NUMBER IDENTIFIER

  • control field: OSt

005 - DATE AND TIME OF LATEST TRANSACTION

  • control field: 20200805123504.0

008 - FIXED-LENGTH DATA ELEMENTS

  • fixed length control field: 200805|| aca||aabn | a|a d

040 ## - CATALOGING SOURCE

  • Original cataloging agency: OSt
  • Transcribing agency: OSt

100 ## - HEADING--PERSONAL NAME

  • Personal name: विक्रम,

670 ## - SOURCE DATA FOUND

  • Source citation: Work cat.: (OSt): विक्रम, , विज्ञान के वरदान , 2018